000 01397nam a2200313 c 4500
999 _c187622
_d187622
003 BLK
005 20221207101541.0
008 180411b bul|||||r ||||||| ||bul||
010 _aKNG00196638000
040 _aBLK
041 _aBUL
_cBUL
080 _aТорове. Торене. Стимулиране растежа на растенията. Растителни стимулатори
_b631.8
_z631.8
080 _aПочвознание. Почвени изследвания
_b631.4
_z631.4
100 1 _aИлков, Добрин В.
_eпърви автор
_9344395
139 _aСистеми за торене в сеитбообращението
_bС 38
245 1 0 _aСистеми на торене в сеитбообращението
_bИзследване
_cДобрин В. Илков.
257 _aBGR
260 _bЗемиздат
_c1980
_fХасково : Ат. Стратиев
300 _a200 с.
_bс диагр., табл.
_c20 см
380 _a63
500 _aДруги авт. : Ц. Груев, Хр. Филипов, З. Върбанова, В. Дончева. - 1 100 тир. - Библиогр. с. 197-198.
650 4 _aТорене
_9173808
650 4 _aПочви
_9167278
852 _aЦб 105622
856 4 _qpdf
_i0.00
_ldisable
856 4 _qpdf
_i0.00
_ldisable
942 _cKNG
_n0
_s1
944 _aCR
_c22.11.2016
_kГрета_Цуфелде
944 _aED
_c22.11.2016
_kГрета_Цуфелде
999 _d187622